Nam Á và Nam Đảo : Suy ngẫm và thảo Luận /
Tallennettuna:
| Päätekijä: | |
|---|---|
| Aineistotyyppi: | Artikkeli |
| Kieli: | Vietnamese |
| Aiheet: | |
| Tagit: |
Lisää tagi
Ei tageja, Lisää ensimmäinen tagi!
|
| Thư viện lưu trữ: | Thư viện Trường Đại học Đà Lạt |
|---|
| LEADER | 00883nam a2200301 4500 | ||
|---|---|---|---|
| 001 | DLU100114316 | ||
| 005 | ##20101217 | ||
| 040 | # | # | |a DLU |b vie |
| 041 | # | # | |a vie |
| 044 | # | # | |a vn |
| 100 | # | # | |a Lương Ninh, |c GS. |
| 245 | # | # | |a Nam Á và Nam Đảo : |b Suy ngẫm và thảo Luận / |c Lương Ninh. |
| 653 | # | # | |a Đông Nam Á |
| 653 | # | # | |a Địa lí tự nhiên |
| 653 | # | # | |a Lịch sử nhân loại |
| 653 | # | # | |a Ngôn ngữ |
| 653 | # | # | |a Nhân chủng |
| 653 | # | # | |a Thời cổ đại |
| 773 | # | # | |t Tạp chí Khoa học xã hội miền Trung - Tây Nguyên |g Số 3, 2008, tr. 1-9 |
| 920 | # | # | |a Phòng Tạp chí -- Trung tâm Thông tin - Thư viện Trường Đại học Đà Lạt |
| 994 | # | # | |a DLU |
| 900 | # | # | |a True |
| 911 | # | # | |a Nguyễn Thị Linh Chi |
| 925 | # | # | |a G |
| 926 | # | # | |a A |
| 927 | # | # | |a BB |
| 980 | # | # | |a Thư viện Trường Đại học Đà Lạt |